000 01038nam a2200277Ia 4500
003 OSt
005 20221005111156.0
006 a|||||r|||| 00| 0
007 ta
008 221004b |||||||| |||| 00| 0 mar d
020 _a9788181438782 (hbk)
_c350
024 _a13827
037 _b343, 20/03/2014, Vani Prakashan
_cTextual
040 _aCRL
_cCRL
_bmar
041 _2mar
_amar
082 _aO155,3N28,KA, 152P8
100 _aतेंडुलकर, विजय
245 0 _aकादम्बरी - दो
246 _aKādambarī - do
260 _aनई दिल्ली
_bवाणी प्रकाशन भारत
_c2008
300 _a264पृ0
_ccm.
650 _aमराठी साहित्य
700 _a घोरपडे़, पदम्जा, अनु.
942 _hO155,3N28,KA, 152P8
_cTEXL
_2cc
999 _c1021045
_d1021045